• 首页
  • 本馆介绍
  • 公告通知
  • 最新文献
  • 馆藏检索
  • 电子资源
  • 读者导购
  • 参考咨询
  • 我的图书馆
  • 登录
  • 详细信息显示
  • 放入我的书架
  • 预约/预借图书
  • 作者相关作品
  • 分类相关作品
  • 丛书相关作品
  • 出版社相关作品

书目信息

  • 表格格式
  • 工作单格式
  • 卡片格式
题名:
俄罗斯与美国艺术
    
 
作者: 张石森 , 顾艳龙 主编
分册:  
出版信息: 呼和浩特   远方出版社  2006.01
页数: 242页
开本: 20cm
丛书名:
单 册:
中图分类: J110.99
科图分类:
主题词: 艺术--世界 , 美术--世界
电子资源:
ISBN: 7-80723-082-7
000 00672nam0 2200229 450
001 0755467505
005 20071009092829.55
010    @a7-80723-082-7@dCNY30.00
100    @a20071008d2006 km y0chiy0120 ea
101 0  @achi
102    @aCN@b150000
200 1  @a俄罗斯与美国艺术@Ae luo si yu mei guo yi shu@f张石森,顾艳龙主编@Fzhang shi sen,gu yan long zhu bian
210    @a呼和浩特@c远方出版社@d2006.01
215    @a242页@d20cm
300    @a世界美术全鉴
606 0  @a艺术@x世界
606 0  @a美术@x世界
690    @aJ110.99@v4
701  0 @a张石森@Azhang shi sen@4主编
701  0 @a顾艳龙@Agu yan long@4主编
801  0 @aCN@bPFT@c20071009
905    @aBZT@dJ110.99@e12
    
    俄罗斯与美国艺术/张石森,顾艳龙主编.-呼和浩特:远方出版社,2006.01
    242页;20cm
    世界美术全鉴
    
    ISBN 7-80723-082-7:CNY30.00
    
●
相关链接 在五车中查询图书 在当当中查询图书 在豆瓣中查询图书


正题名:俄罗斯与美国艺术     索取号:J110.99/12         预约/预借

序号 登录号 条形码 馆藏地/架位号 状态 备注
1 589280   230170331   中心书库中库/ 中库016架A面3列6层11/ [索取号:J110.99/12] 在馆    
2 589281   230170335   中心书库中库/ 中库016架A面3列6层10/ [索取号:J110.99/12] 在馆    
3 589282   230170330   中心书库中库/ 中库016架A面3列6层12/ [索取号:J110.99/12] 在馆    
4 589283   230170329   中心书库中库/ 中库016架A面3列6层13/ [索取号:J110.99/12] 在馆    
5 589284   230170334   中心书库中库/ 中库016架A面3列6层18/ [索取号:J110.99/12] 在馆    
6 589285   230170328   中心书库中库/ 中库016架A面3列6层15/ [索取号:J110.99/12] 在馆    
7 589286   230170337   中心书库中库/ 中库016架A面3列6层19/ [索取号:J110.99/12] 在馆    
8 589287   230170336   中心书库中库/ 中库016架A面3列6层17/ [索取号:J110.99/12] 在馆    
9 589288   230170333   中心书库中库/ 中库016架A面3列6层14/ [索取号:J110.99/12] 在馆    
10 589289   230170332   中心书库中库/ 中库016架A面3列6层16/ [索取号:J110.99/12] 在馆    
山东省滨州职业学院图书馆 欢迎您!
大连网信软件有限公司© 版权所有